Répliques black butler - Statistiques

Statistiques générales
  • Ce quiz a été pris 118 fois
  • Le résultat moyen est 8 sur 10
Statistiques - réponses
Réplique Personnage % Correct
Yes my Lord Sebastian Michaelis
100%
C'est un ordre Ciel Phantomhive
99%
Ciellllllllll !!!!! Elizabeth Midford
83%
Fais moi rire Comte Undertaker
79%
Yes your Highness Claude Faustus
78%
Aghni !! Soma Asman Kadar
77%
Oui mon prince Aghni
73%
Olé Alois Trancy
71%
N'est-ce pas Ran Mao Lau
66%
Encore des heures supplémentaires non rémunérées William t-spears
53%
Aucun quiz correspondant
Distribution des résultats
% des personnes avec chaque résultat
Percentile par nombre de réponses
Votre historique - résultats
Vous n’avez pas pris ce quiz